Gaming Quiz

Random Gaming or Video Games Quiz

Landmarks by Civilization V Icon Quiz Stats

 Plays Quiz Updated Feb 21, 2020

Support Sporcle.
Go Orange.
Score 0/28 Timer 08:00
1 Play Today
# Landmark % Correct
3Statue of Liberty
95.5%
8Big Ben
93.9%
5Eiffel Tower
91.5%
6Taj Mahal
90.7%
7Great Wall
90.1%
16Stonehenge
87.3%
13Pyramids
86.8%
22Sydney Opera House
84%
14Pentagon
81%
20United Nations
73.4%
10Machu Picchu
69%
11Cristo Redentor
64.1%
15Sistine Chapel
62.3%
17Notre Dame
61.9%
# Landmark % Correct
24Kremlin
59.8%
19Forbidden Palace
58%
25Great Lighthouse
52.9%
23Colossus
50.9%
2Brandenburg Gate
49.4%
18Chichen Itza
45.6%
28Hanging Gardens
45.4%
26Louvre
44.3%
1Hagia Sophia
42.6%
4Angkor Wat
37.4%
21Oracle
35.7%
12Great Library
23.3%
27Porcelain Tower
18.7%
9Himeji Castle
18.6%

From the Vault

Building Bridges XIII

by jyrops

Building bridges is a lot more productive than burning them.
Remove Ads.
Support Sporcle.
Get the best of Sporcle when you Go Orange. This ad-free experience offers more features, more stats, and more fun while also helping to support Sporcle. Thank you for becoming a member.

Show Comments

Extras

Top Quizzes Today


Score Distribution

Your Account Isn't Verified!

In order to create a playlist on Sporcle, you need to verify the email address you used during registration. Go to your Sporcle Settings to finish the process.

Report this User

Report this user for behavior that violates our Community Guidelines.

Details: